000 00521nam a2200181Ia 4500
001 13157
005 20260306163033.0
008 260306t2012||||xx |||||||||||||| ||spa||
041 _aESP
082 _a001
_bR31
100 _aRealpe Quintero, Sandra (comp.)
_eAUT
245 0 _aTrayectos y reflexiones en la construcción de un instrumento de evaluación ética de proyectos de investigación
260 _c2012
300 _a153 páginas :
_c24 cm.
650 _aGEN
654 _aCHU
942 _cLIB
_dJUS
_fJUS
_2ddc
_n
999 _c13157
_d13157